000 00383nam a22001337a 4500
003 OSt
005 20240402155817.0
008 240402b |||||||| |||| 00| 0 eng d
040 _cCentral Library MRSPTU
100 _aAjra Nakbi
245 _aMere Vattan Ke Khushboo (मेरे वतन की खुशबू)
260 _aNew Delhi
_bKosro Foundation
_c2023
942 _2ddc
_cBK
_n0
999 _c9936
_d9936